Govt. of
Madhya Pradesh

The Origin (Record no. 64576)

MARC details
000 -LEADER
fixed length control field 00215nam a2200097Ia 4500
008 - FIXED-LENGTH DATA ELEMENTS--GENERAL INFORMATION
fixed length control field 221009s9999 xx 000 0 und d
082 ## - DEWEY DECIMAL CLASSIFICATION NUMBER
Classification number 823/DAR
100 ## - MAIN ENTRY--PERSONAL NAME
Personal name Stone, Irving
9 (RLIN) 28478
245 #4 - TITLE STATEMENT
Title The Origin
942 ## - ADDED ENTRY ELEMENTS (KOHA)
Koha item type Books

No items available.